000 00811nam a2200265 i 4500
003 DO-SdBNP
005 20250612110020.0
007 ta
008 250612s1982 dr r 000 0 spa d
040 _aDO-SdBNP
_bspa
_cBNPHU
_erda
082 _a641.597293
_bH519m, 1982
_222
100 _aHenríquez de Pou, Silvia
_eautora
_922190
_4aut.
245 1 0 _aMujer 2000 :
_brecetas de cocina /
_cSilvia H. de Pou.
250 _aTrigésima edición
264 1 _aSanto Domingo :
_bAmigo del Hogar,
_c1982.
300 _a492 páginas
_c24 cm.
336 _atexto
_btxt
_2rdacontent
337 _asin mediación
_bn
_2rdamedia
338 _avolumen
_bnc
_2rdacarrier
590 _aInventariado, 2025/ YL
650 0 _aCocina
_9360
650 4 _aPreparación de alimentos
_9193
910 _aYLockward
942 _2ddc
_cLBS1
999 _c59253
_d59253